| 000 | 00917nac a22002891u 4500 | ||
|---|---|---|---|
| 999 |
_c223 _d223 |
||
| 003 | EG-ScBUE | ||
| 005 | 20210228120723.0 | ||
| 008 | 200219r20001988le f 000 1 eng d | ||
| 020 | _a9953101124 | ||
| 020 | _a9789953101125 | ||
| 040 |
_aEG-ScBUE _beng _erda _cEG-ScBUE _dEG-ScBUE |
||
| 082 | 0 | 4 |
_a823 _bLAW _222 |
| 100 | 1 |
_aLawrence, D. H. _q(David Herbert), _d1885-1930, _eauthor. |
|
| 245 | 1 | 0 |
_aSons and lovers : _bwith an introduction, a guide, notes and a glossary / _cD. H. Lawrence. |
| 250 | _aReprinted edition. | ||
| 264 | 1 |
_aBeirut : _bYork Press, _c2000. |
|
| 300 |
_axx, 444 pages ; _c20 cm. |
||
| 336 |
_2rdacontent _atext _btxt |
||
| 337 |
_2rdamedia _aunmediated _bn |
||
| 338 |
_2rdacarrier _avolume _bnc |
||
| 490 | 0 | _aYork classics | |
| 650 |
_aEnglish fiction. _2BUEsh |
||
| 651 | _2BUEsh | ||
| 653 |
_bHHUUEENN _cFebruary2021 |
||
| 655 |
_vReading book _934232 |
||
| 942 |
_cBB _k823L4191 _2ddc |
||